LEADER 01621nam a2200373 a 4500 001 000000135249 003 CaOOAMICUS 005 20130902114306.0 008 130902s2013 it u000 u ita r 020 $a88-14-16310-3 040 $aPUL$bita 082 04$a345.45 245 00$aGiudice di pace /$ca cura di Giovanni Ariolli ; coordinamento di Pasquale Bronzo. 250 $aNuova ed. 260 $aMilano :$bGiuffrè,$c©2013. 300 $aXXXII, 571 p. ;$c25 cm. 490 1 $aCodice di procedura penale : rassegna di giurisprudenza e di dottrina ;$v11 500 $aSul front.: Parte speciale. 500 $aIn testa al front.: Giorgio Lattanzi, Ernesto Lupo. 504 $aBibliografia in nota. 650 4$aProcedura penale$zItalia.$0(OLS)http://pul/subject/12686 700 1 $aBronzo, Pasquale.$0(OLS)http://pul/name/85341 700 1 $aAriolli, Giovanni.$0(OLS)http://pul/name/87134 700 1 $aLupo, Ernesto.$0(OLS)http://pul/name/85343 700 1 $aLattanzi, Giorgio.$0(OLS)http://pul/name/51063 830 0$aCodice di procedura penale : rassegna di giurisprudenza e di dottrina ;$v11.$0(OLS)http://pul/title/167434 850 $aPUL 852 $aPUL$W1$xSL Diritto e Scienze Sociali 3$y79$m345. 45 LATGI 1.11$j155825$qDDC 21$B155262$CPULBib$Z2$F155262 $H122775 $82 941 1 $a9 996 $6020$a88-14-16310-3$9(OLS)http://pul/number/153430 996 $6082$a345.45$9(OLS)http://pul/classification/371 996 $6245$aGiudice di pace$9(OLS)http://pul/title/171033 996 $6260$aMilano :$bGiuffrè$9(OLS)http://pul/publisher/48401 LEADER 01500nam a2200277 a 4500 001 000000156420 003 CaOOAMICUS 005 20161117133738.0 008 161117s1987 it u000 u ita r 032 $aLibriCat 040 $aPUL$bita 100 1 $aKraso?, Franciszek,$cS.D.B.$0(OLS)http://pul/name/99699 245 10$aPer un profilo del "cristiano" dall'eucologia del sacramentario veronese :$bcontributo per l'approfondimento della liturgia come vita del fedele /$cFranciszek Krason, SDB. 260 $aRoma :$bPontificio Ateneo S. Anselmo,$c1987. 300 $a136 p. ;$c24 cm. 500 $aIn testa al front.: Pontificium Athenaeum Anselmianum. Pontificium Institutum Liturgicum. Thesis ad lauream n. 179. 502 $aEstratto da tesi -- Pontificio Instituto Liturgico. Sacra Liturgia. 1987. 504 $aBibliografia in nota. 650 4$aEucologia.$0(OLS)http://pul/subject/43978 710 2 $aPontificio Ateneo S. Anselmo.$bPontificio Istituto Liturgico.$kTesi.$0(OLS)http://pul/name/81977 850 $aPUL 852 $aPUL$W1$xDP1 Tesi Pon. At. S. Anselmo$y29$mTH ANS 274$j179632$qTesi$B182813$CPULBib$Z2$F182813 $H68820 $82 941 1 $a16 996 $6245$aPer un profilo del "cristiano" dall'eucologia del sacramentario veronese :$bcontributo per l'approfondimento della liturgia come vita del fedele$9(OLS)http://pul/title/196033 996 $6260$aRoma :$bPontificio Ateneo S. Anselmo$9(OLS)http://pul/publisher/48098